00331nam a2200133Ia 4500008004100000020001500041041001200056082001600068100000800084245005900092260002900151300000900180650000800189221030s9999 xx 000 0 und d a8176566799 aEnglish a105.23bBPB aBPB 0aWorld Transistor Equivalents & Data O-U Seriescby BPB bBPB PubaNew Delhic1992 a3.11 aECE